[Event "OGD Prinsenstad-toernooi - A groep"]
[Site "Delft"]
[Date "2015.04.05"]
[Round "6.8"]
[White "Schroer, Marcel"]
[Black "Ypma, Peter"]
[Result "1-0"]
[WhiteElo "2208"]
[BlackElo "2243"]
[PlyCount "64"]
[EventDate "2015.04.03"]
[EventType "swiss"]
[EventRounds "6"]
[EventCountry "NED"]
[Source "DSC"]
[SourceDate "2015.07.04"]

1. d4 d5 2. c4 c6 3. cxd5 cxd5 4. Bf4 Nc6 5. e3 Bf5 6. Nc3 Nf6 7. Rc1 e6 8. Qb3
Qb6 9. Qxb6 axb6 10. a3 Be7 11. f3 O-O 12. g4 Bg6 13. h4 h5 14. g5 Ne8 15. Nb5
f6 16. gxf6 Bxf6 17. Bh3 e5 18. Be6+ Kh7 19. dxe5 Nxe5 20. Bxe5 Bxe5 21. Nd4
Nd6 22. Bxd5 Rad8 23. Ne6 Bxb2 24. Nxf8+ Rxf8 25. Rc7 Nb5 26. Rxb7 Nc3 27. Rxb6
Bxa3 28. Rb3 Bd6 29. Rxc3 Bb4 30. Kd2 Rd8 31. e4 Rc8 32. Ne2 Be8 1-0

[Event "OGD Prinsenstad-toernooi - A groep"]
[Site "Delft"]
[Date "2015.04.05"]
[Round "6.9"]
[White "Barendse, Ted"]
[Black "Overeem, Marc"]
[Result "0-1"]
[WhiteElo "2107"]
[BlackElo "2201"]
[PlyCount "76"]
[EventDate "2015.04.03"]
[EventType "swiss"]
[EventRounds "6"]
[EventCountry "NED"]
[Source "DSC"]
[SourceDate "2015.07.04"]

1. d4 Nf6 2. c4 e6 3. Nf3 d5 4. Nc3 Be7 5. Bg5 h6 6. Bh4 O-O 7. e3 b6 8. cxd5
Nxd5 9. Bxe7 Qxe7 10. Rc1 Bb7 11. Be2 Rc8 12. O-O c5 13. dxc5 Rxc5 14. Nxd5
Bxd5 15. Rxc5 Qxc5 16. Qd2 Nc6 17. Rc1 Qe7 18. a3 Rd8 19. Qc2 f5 20. b4 a5 21.
b5 Bxf3 22. gxf3 Qg5+ 23. Kh1 Ne7 24. f4 Qf6 25. Bf3 Ng6 26. Qc3 Qxc3 27. Rxc3
Nh4 28. Be2 Rd2 29. Bf1 Rxf2 30. Bd3 Nf3 31. Rc2 Rxc2 32. Bxc2 Kf8 33. Bd1 Nd2
34. Be2 Ke7 35. Kg2 g5 36. Bd3 Kd6 37. Kf2 g4 38. Ke2 Nf3 0-1

[Event "OGD Prinsenstad-toernooi - A groep"]
[Site "Delft"]
[Date "2015.04.05"]
[Round "6.10"]
[White "Nguyen, Kevin"]
[Black "Wiebe, Patrick"]
[Result "0-1"]
[WhiteElo "2029"]
[BlackElo "2165"]
[PlyCount "62"]
[EventDate "2015.04.03"]
[EventType "swiss"]
[EventRounds "6"]
[EventCountry "NED"]
[Source "DSC"]
[SourceDate "2015.07.04"]

1. e4 e6 2. d4 d5 3. Nd2 Be7 4. Ngf3 Nf6 5. Bd3 c5 6. c3 Nc6 7. O-O cxd4 8.
cxd4 Qb6 9. exd5 exd5 10. Nb3 O-O 11. Re1 Bg4 12. Bg5 h6 13. Bh4 Rfe8 14. Re3
Ne4 15. Bxe4 dxe4 16. Rxe4 f5 17. Rxe7 Nxe7 18. Bg3 Ng6 19. h3 Bh5 20. Qd3 f4
21. Bh2 Rad8 22. Rd1 Qf6 23. Rf1 Nh4 24. Qc4+ Kh8 25. Nxh4 Be2 26. Qc2 Qxh4 27.
Rc1 Qg5 28. Qd2 Bf3 29. g3 fxg3 30. Bxg3 Qh5 31. Qf4 Re4 0-1

[Event "OGD Prinsenstad-toernooi - A groep"]
[Site "Delft"]
[Date "2015.04.05"]
[Round "6.11"]
[White "Glimmerveen, Martin"]
[Black "Thakoerdien, Jerrel"]
[Result "0-1"]
[WhiteElo "2086"]
[BlackElo "2150"]
[PlyCount "58"]
[EventDate "2015.04.03"]
[EventType "swiss"]
[EventRounds "6"]
[EventCountry "NED"]
[Source "DSC"]
[SourceDate "2015.07.04"]

1. e4 e5 2. Nf3 Nc6 3. Bb5 a6 4. Ba4 Nf6 5. Qe2 Be7 6. c3 b5 7. Bc2 O-O 8. d3
d6 9. Nbd2 Re8 10. Nf1 Bf8 11. Bg5 h6 12. Bd2 d5 13. h3 d4 14. g4 dxc3 15. bxc3
b4 16. Ba4 Bd7 17. Bxc6 Bxc6 18. c4 Nd7 19. Rd1 Ba4 20. Rb1 Nc5 21. d4 exd4 22.
Ng3 Bc2 23. O-O Bd3 24. Qd1 Nxe4 25. Bxb4 Bxb1 26. Bxf8 Nc3 27. Qxd4 Qxd4 28.
Nxd4 Kxf8 29. Rc1 Rad8 0-1

[Event "OGD Prinsenstad-toernooi - A groep"]
[Site "Delft"]
[Date "2015.04.05"]
[Round "6.12"]
[White "Oranje, Richard"]
[Black "Voogt, Bob"]
[Result "1/2-1/2"]
[WhiteElo "2116"]
[BlackElo "2104"]
[PlyCount "61"]
[EventDate "2015.04.03"]
[EventType "swiss"]
[EventRounds "6"]
[EventCountry "NED"]
[Source "DSC"]
[SourceDate "2015.07.04"]

1. e4 Nf6 2. e5 Nd5 3. c4 Nb6 4. d4 d6 5. Nf3 Bg4 6. exd6 exd6 7. h3 Bh5 8. Be2
Be7 9. O-O O-O 10. Nc3 Nc6 11. b3 Re8 12. d5 Bxf3 13. Bxf3 Ne5 14. Be2 Bf6 15.
Bb2 Nbd7 16. Qd2 Ng6 17. Rae1 Nc5 18. Bd1 a5 19. Rxe8+ Qxe8 20. Bc2 Qd7 21.
Bxg6 hxg6 22. Nb5 Bxb2 23. Qxb2 c6 24. Nc3 Re8 25. Qd2 Qc7 26. Rd1 Rd8 27. Re1
f6 28. Re3 Kf7 29. f4 Re8 30. Rxe8 Kxe8 31. Qe3+ 1/2-1/2

[Event "OGD Prinsenstad-toernooi - B groep"]
[Site "Delft"]
[Date "2015.04.04"]
[Round "2.1"]
[White "Van Baar, Esper"]
[Black "Vesters, Melchior"]
[Result "0-1"]
[WhiteElo "1919"]
[BlackElo "2100"]
[PlyCount "140"]
[EventDate "2015.04.03"]
[EventType "swiss"]
[EventRounds "6"]
[EventCountry "NED"]
[Source "DSC"]
[SourceDate "2015.07.04"]

1. e4 g6 2. Nc3 Bg7 3. g3 e5 4. Bg2 d6 5. Nge2 Bg4 6. O-O h5 7. h3 Bd7 8. f4
Nh6 9. d4 Qc8 10. fxe5 dxe5 11. Nd5 c6 12. Bxh6 Rxh6 13. Nf6+ Bxf6 14. Rxf6
Bxh3 15. dxe5 Bg4 16. Qd2 Rh7 17. Rf2 Qd7 18. Qd6 Na6 19. Qf6 Qe7 20. Nd4 Rd8
21. c3 Nc5 22. Bf3 Nd3 23. Bxg4 hxg4 24. Rh2 Rxh2 25. Kxh2 Nxe5 26. Qg7 f6 27.
Qg8+ Kd7 28. Qb3 Kc8 29. Kg2 c5 30. Qc2 cxd4 31. cxd4+ Qc7 32. Qxc7+ Kxc7 33.
Rc1+ Kd6 34. dxe5+ Kxe5 35. Rc2 Kxe4 36. Re2+ Kf5 37. Kf2 Rd5 38. Rc2 b5 39.
Ke3 a5 40. Rc6 Ke5 41. Ra6 a4 42. Rc6 g5 43. Ke2 Kf5 44. Ke3 Re5+ 45. Kd3 Kg6
46. Rb6 Rf5 47. Ke2 Rf3 48. Rxb5 Rxg3 49. Rb4 f5 50. Kf2 Rf3+ 51. Kg2 a3 52.
Rb6+ Kh5 53. Rb5 axb2 54. Rxb2 Ra3 55. Kg1 g3 56. Rg2 Kg4 57. Rb2 f4 58. Rc2
Kh3 59. Kh1 f3 60. Rh2+ Kg4 61. Rc2 Rd3 62. Rc1 Kh3 63. a4 Ra3 64. a5 Rxa5 65.
Kg1 Ra2 66. Rf1 Rg2+ 67. Kh1 Rh2+ 68. Kg1 f2+ 69. Rxf2 Rxf2 70. Kh1 Rf1# 0-1

[Event "OGD Prinsenstad-toernooi - B groep"]
[Site "Delft"]
[Date "2015.04.04"]
[Round "2.2"]
[White "Ioan, Razvan"]
[Black "Haslinger, Gareth"]
[Result "0-1"]
[WhiteElo "1916"]
[BlackElo "2031"]
[PlyCount "72"]
[EventDate "2015.04.03"]
[EventType "swiss"]
[EventRounds "6"]
[EventCountry "NED"]
[Source "DSC"]
[SourceDate "2015.07.04"]

1. Nf3 d5 2. g3 Nf6 3. Bg2 Bf5 4. O-O e6 5. b3 Bd6 6. Bb2 O-O 7. c4 c6 8. d3 h6
9. Re1 Bh7 10. Nbd2 Nbd7 11. e4 dxe4 12. Nxe4 Bb4 13. Nc3 Nc5 14. d4 Nd3 15.
Re3 Nxb2 16. Qe2 Nd3 17. Rxd3 Bxd3 18. Qxd3 c5 19. a3 cxd4 20. axb4 dxc3 21.
Qxc3 Qc7 22. Nd4 Rfd8 23. Nb5 Qb6 24. h3 Rd7 25. Qf3 a6 26. Ra5 Qd8 27. Nc3 Rd3
28. Qxb7 Rb8 29. Qxa6 Rxc3 30. Rb5 Rxb5 31. Qxb5 Rxb3 32. Qa4 Rb2 33. b5 Qd4
34. Qa8+ Kh7 35. Qc6 Qxf2+ 36. Kh2 Nd5 0-1

[Event "OGD Prinsenstad-toernooi - B groep"]
[Site "Delft"]
[Date "2015.04.04"]
[Round "3.1"]
[White "Haslinger, Gareth"]
[Black "Holwijn, Melvin"]
[Result "0-1"]
[WhiteElo "2031"]
[BlackElo "1951"]
[PlyCount "146"]
[EventDate "2015.04.03"]
[EventType "swiss"]
[EventRounds "6"]
[EventCountry "NED"]
[Source "DSC"]
[SourceDate "2015.07.04"]

1. d4 Nf6 2. Nf3 e6 3. Bf4 d5 4. e3 Bd6 5. Bg3 c5 6. c3 O-O 7. Nbd2 Nc6 8. Ne5
c4 9. f4 Qc7 10. Be2 b5 11. O-O Ne7 12. Bf3 Bb7 13. Qc2 Nf5 14. Bf2 h5 15. g4
hxg4 16. Nxg4 Nxg4 17. Bxg4 Nh6 18. Be2 Qe7 19. Nf3 Nf5 20. Kh1 f6 21. Nh4 Qd7
22. Nxf5 exf5 23. Bh5 Qe6 24. Bg6 Qe4+ 25. Qxe4 fxe4 26. Rg1 Bc6 27. Bf5 Rae8
28. Rg2 Re7 29. Rag1 Bd7 30. Bg6 Be8 31. Bf5 Bh5 32. Bg4 Bxg4 33. Rxg4 f5 34.
Rg6 Rd7 35. Bh4 Rff7 36. Bf6 Bf8 37. Be5 b4 38. h4 bxc3 39. bxc3 Rb7 40. h5 Kh7
41. R1g2 Rb1+ 42. Kh2 Rb6 43. Rxb6 axb6 44. Rb2 Ra7 45. Kg3 Ra3 46. Rxb6 Rxc3
47. Rb8 Rxe3+ 48. Kf2 Rf3+ 49. Ke2 Ba3 50. Rb7 Rg3 51. Kf2 Rg4 52. Ra7 Bb2 53.
a4 c3 54. Rc7 Kh6 55. a5 Kxh5 56. a6 Rg6 57. a7 Ra6 58. Rxg7 Rxa7 59. Rxa7 c2
60. Rc7 c1=Q 61. Rxc1 Bxc1 62. Kg3 Bd2 63. Bc7 Be1+ 64. Kg2 Kg4 65. Kf1 Bg3 66.
Bd6 Bxf4 67. Bc5 Be3 68. Ke2 f4 69. Bb6 Bc1 70. Bc7 f3+ 71. Kf2 Bf4 72. Bd8 e3+
73. Ke1 Bg3+ 0-1

[Event "OGD Prinsenstad-toernooi - B groep"]
[Site "Delft"]
[Date "2015.04.04"]
[Round "3.2"]
[White "Welling, Wouter"]
[Black "Boes, Robert"]
[Result "1/2-1/2"]
[WhiteElo "1926"]
[BlackElo "1924"]
[PlyCount "134"]
[EventDate "2015.04.03"]
[EventType "swiss"]
[EventRounds "6"]
[EventCountry "NED"]
[Source "DSC"]
[SourceDate "2015.07.04"]

1. d4 c6 2. c4 d5 3. Nf3 Nf6 4. Nc3 dxc4 5. a4 Bf5 6. e3 Nbd7 7. Bxc4 e6 8. O-O
Bb4 9. Qb3 a5 10. Na2 Be7 11. Re1 Nb6 12. Bf1 O-O 13. Nc3 Bb4 14. Bd2 h6 15.
Ne5 Rc8 16. Rad1 Bh7 17. Nd3 Bxd3 18. Bxd3 Rb8 19. e4 Re8 20. e5 Nh7 21. Bxh7+
Kxh7 22. Ne4 Nd5 23. Bxb4 Nxb4 24. Nd6 Re7 25. Qf3 Kg8 26. Qe4 Rd7 27. Re3 f5
28. Qf3 Qg5 29. Qh3 Qg4 30. Qxg4 fxg4 31. Rg3 h5 32. h3 gxh3 33. gxh3 Kh7 34.
Ne4 Re8 35. Kh2 Ree7 36. f4 Nc2 37. Nd6 Nb4 38. Rg5 g6 39. Ne4 Nd5 40. Rdg1 Rg7
41. Rf1 Rdf7 42. Kg3 Ne3 43. Nf6+ Kh6 44. Rc1 Nf5+ 45. Kf2 Nxd4 46. Rc5 b6 47.
Rc3 c5 48. Rg1 Rc7 49. Ne8 Rcf7 50. Nxg7 Kxg7 51. Ke3 Nf5+ 52. Ke4 Rd7 53. Rd3
Nd4 54. Rgd1 Rf7 55. Rxd4 cxd4 56. Rxd4 Rc7 57. Rd6 Rc4+ 58. Ke3 Kf7 59. Rxb6
Rxa4 60. Rb7+ Kf8 61. b3 Ra3 62. Kd4 h4 63. Kc5 a4 64. bxa4 Rxa4 65. Rb4 Ra3
66. Kd6 Ra6+ 67. Kc7 Ke7 1/2-1/2

[Event "OGD Prinsenstad-toernooi - B groep"]
[Site "Delft"]
[Date "2015.04.04"]
[Round "4.1"]
[White "Boes, Robert"]
[Black "Vesters, Melchior"]
[Result "0-1"]
[WhiteElo "1924"]
[BlackElo "2100"]
[PlyCount "66"]
[EventDate "2015.04.03"]
[EventType "swiss"]
[EventRounds "6"]
[EventCountry "NED"]
[Source "DSC"]
[SourceDate "2015.07.04"]

1. e4 g6 2. d4 Bg7 3. Nf3 d6 4. Bd3 Nf6 5. h3 O-O 6. O-O Nbd7 7. Be3 e5 8. dxe5
Nxe5 9. Nxe5 dxe5 10. Nc3 Qe7 11. Bg5 c6 12. Qc1 Qb4 13. a3 Qb6 14. Rb1 Nh5 15.
Be3 Qc7 16. Ne2 f5 17. f3 Kh8 18. Qd2 Be6 19. Rbd1 Rad8 20. Qc1 b6 21. c3 Qf7
22. Kh2 Nf6 23. Bg5 f4 24. c4 h6 25. Bxf6 Bxf6 26. Qc3 g5 27. Kg1 h5 28. Kf2
Kg8 29. b3 Qe7 30. a4 Qc5+ 31. Ke1 Be7 32. Bc2 g4 33. hxg4 Bh4+ 0-1

[Event "OGD Prinsenstad-toernooi - B groep"]
[Site "Delft"]
[Date "2015.04.04"]
[Round "4.2"]
[White "Van der Berg, Bas"]
[Black "Van Orsouw, Theo"]
[Result "0-1"]
[WhiteElo "2029"]
[BlackElo "1845"]
[PlyCount "40"]
[EventDate "2015.04.03"]
[EventType "swiss"]
[EventRounds "6"]
[EventCountry "NED"]
[Source "DSC"]
[SourceDate "2015.07.04"]

1. d4 Nf6 2. Nf3 g6 3. g3 Bg7 4. Bg2 O-O 5. O-O c5 6. d5 d6 7. c4 e6 8. Nc3
exd5 9. cxd5 a6 10. a4 Re8 11. Nd2 Nbd7 12. Nc4 Ne5 13. Na3 Rb8 14. h3 Nh5 15.
e4 Rf8 16. Qe1 Nd3 17. Qe2 Nxc1 18. Raxc1 f5 19. Nc4 Bd4 20. exf5 Nxg3 0-1

[Event "OGD Prinsenstad-toernooi - B groep"]
[Site "Delft"]
[Date "2015.04.04"]
[Round "4.3"]
[White "Romkes, Abel"]
[Black "Boonstra, Jasper"]
[Result "1-0"]
[WhiteElo "1905"]
[BlackElo "1821"]
[PlyCount "65"]
[EventDate "2015.04.03"]
[EventType "swiss"]
[EventRounds "6"]
[EventCountry "NED"]
[Source "DSC"]
[SourceDate "2015.07.04"]

1. d4 Nf6 2. c4 g6 3. Nc3 d5 4. Nf3 Bg7 5. Qb3 dxc4 6. Qxc4 Bg4 7. e4 O-O 8.
Be3 Nfd7 9. O-O-O Nb6 10. Qc5 Bxf3 11. gxf3 N8d7 12. Qg5 e6 13. h4 h5 14. Be2
Qe8 15. Rhg1 Kh7 16. e5 c6 17. Bd3 Kh8 18. Ne4 Qd8 19. Qg3 Nd5 20. Nd6 Ne7 21.
f4 Nb6 22. Nxf7+ Rxf7 23. Bxg6 Qg8 24. Qg5 Rf5 25. Qxe7 Nd5 26. Qa3 Nxf4 27.
Bxf4 Rxf4 28. Kb1 Qf8 29. Rg5 Rxh4 30. Qg3 Qf4 31. Rxh5+ Rxh5 32. Qxf4 Rh6 33.
Be4 1-0

[Event "OGD Prinsenstad-toernooi - B groep"]
[Site "Delft"]
[Date "2015.04.04"]
[Round "4.4"]
[White "Van den Berg, Cees"]
[Black "Haslinger, Gareth"]
[Result "1/2-1/2"]
[WhiteElo "1901"]
[BlackElo "2031"]
[PlyCount "42"]
[EventDate "2015.04.03"]
[EventType "swiss"]
[EventRounds "6"]
[EventCountry "NED"]
[Source "DSC"]
[SourceDate "2015.07.04"]

1. e4 d5 2. exd5 Qxd5 3. Nf3 Bg4 4. Be2 Nc6 5. h3 Bh5 6. d4 O-O-O 7. c4 Qd7 8.
d5 Bxf3 9. Bxf3 Ne5 10. Qe2 Nxf3+ 11. Qxf3 e6 12. Nc3 Nf6 13. O-O exd5 14. Nxd5
Nxd5 15. Rd1 Bd6 16. cxd5 Qe7 17. Be3 Kb8 18. Re1 Qd7 19. a3 Rhe8 20. Rad1 f6
21. b4 Re7 1/2-1/2

[Event "OGD Prinsenstad-toernooi - B groep"]
[Site "Delft"]
[Date "2015.04.05"]
[Round "5.1"]
[White "Holwijn, Melvin"]
[Black "Vesters, Melchior"]
[Result "0-1"]
[WhiteElo "1951"]
[BlackElo "2100"]
[PlyCount "88"]
[EventDate "2015.04.03"]
[EventType "swiss"]
[EventRounds "6"]
[EventCountry "NED"]
[Source "DSC"]
[SourceDate "2015.07.04"]

1. d4 g6 2. c4 Bg7 3. Nc3 e5 4. dxe5 Bxe5 5. Nf3 Bxc3+ 6. bxc3 Nf6 7. Be3 O-O
8. Qd4 Nc6 9. Qh4 Nh5 10. Bg5 f6 11. Bh6 Re8 12. g4 Ng7 13. Qg3 Qe7 14. Rg1 Ne6
15. Nh4 Nc5 16. Nf5 Qe5 17. Qxe5 Nxe5 18. Ne3 c6 19. O-O-O Ne4 20. Kc2 Nxf2 21.
Rd4 d5 22. cxd5 Nf7 23. Bf4 c5 24. Rd2 Ne4 25. Rd3 Nf2 26. Rd2 Ne4 27. Rd3 Bd7
28. d6 Nf2 29. Rd5 b6 30. Bg2 g5 31. Nf5 gxf4 32. Ne7+ Kf8 33. Rh5 Rad8 34.
Rxh7 Ba4+ 35. Kb2 Rxd6 36. Nf5 Rd2+ 37. Ka3 Bc2 38. Bf3 Nd1 39. c4 Nc3 40. Rh5
Nb1+ 41. Kb2 Bxf5+ 42. Kc1 Bg6 43. Rh4 Rxa2 44. Rg2 Nc3 0-1

[Event "OGD Prinsenstad-toernooi - B groep"]
[Site "Delft"]
[Date "2015.04.05"]
[Round "5.2"]
[White "Van Orsouw, Theo"]
[Black "Welling, Wouter"]
[Result "1-0"]
[WhiteElo "1845"]
[BlackElo "1926"]
[PlyCount "77"]
[EventDate "2015.04.03"]
[EventType "swiss"]
[EventRounds "6"]
[EventCountry "NED"]
[Source "DSC"]
[SourceDate "2015.07.04"]

1. d4 Nf6 2. c4 c5 3. d5 b5 4. cxb5 a6 5. b6 Qxb6 6. Nc3 d6 7. e4 g6 8. a4 Bg7
9. a5 Qc7 10. f4 O-O 11. Bc4 e6 12. Nf3 exd5 13. Nxd5 Nxd5 14. Bxd5 Nc6 15. O-O
Rb8 16. f5 Nb4 17. Bf4 Bxb2 18. fxg6 hxg6 19. Bxd6 Bd4+ 20. Nxd4 Qxd6 21. Nc6
Kg7 22. Nxb8 Qxb8 23. Qd2 Qe5 24. Rac1 Nxd5 25. Qxd5 Qd4+ 26. Qxd4+ cxd4 27.
Rfd1 Rd8 28. Rc4 d3 29. Rc3 Bb7 30. Rcxd3 Rxd3 31. Rxd3 Bxe4 32. Rd6 Bb7 33.
Rb6 Bc8 34. Kf2 Kh6 35. Ke3 Kg5 36. Ke4 Bf5+ 37. Kd4 Bc8 38. Ke5 f5 39. g3 1-0

[Event "OGD Prinsenstad-toernooi - B groep"]
[Site "Delft"]
[Date "2015.04.05"]
[Round "6.2"]
[White "Cebula, Jerzy"]
[Black "Zoun, Rogier"]
[Result "1-0"]
[WhiteElo "1986"]
[BlackElo "1859"]
[PlyCount "121"]
[EventDate "2015.04.03"]
[EventType "swiss"]
[EventRounds "6"]
[EventCountry "NED"]
[Source "DSC"]
[SourceDate "2015.07.04"]

1. e4 d6 2. d4 Nf6 3. Nc3 Nbd7 4. Nf3 e5 5. Bc4 c6 6. dxe5 dxe5 7. Ng5 Nb6 8.
Qxd8+ Kxd8 9. Nxf7+ Ke7 10. Bb3 Be6 11. Bxe6 Kxe6 12. Nxh8 Bb4 13. f3 Rxh8 14.
a3 Bc5 15. Nd1 Rd8 16. Ke2 Nc4 17. b3 Nd6 18. Be3 Bd4 19. c3 Bb6 20. Bxb6 axb6
21. Ne3 Nb5 22. Rhc1 Nd7 23. a4 Nd6 24. b4 Ra8 25. Kd3 Rd8 26. Nc4 Nc8 27. Kc2
b5 28. axb5 cxb5 29. Ne3 Ndb6 30. Rd1 Rf8 31. Kb3 Nd6 32. Nd5 Nbc4 33. Nc7+ Ke7
34. Nxb5 Rc8 35. Nxd6 Nxd6 36. Rd5 Ke6 37. Rc5 Rg8 38. Raa5 b6 39. Rxe5+ Kf6
40. Rad5 g6 41. g4 g5 42. c4 Rc8 43. Rxd6+ Kxe5 44. Rxb6 Rd8 45. Rb5+ Kf4 46.
Rd5 Ra8 47. Rf5+ Ke3 48. b5 Ra1 49. Kb2 Ra4 50. Kb3 Ra1 51. Kb4 Kd4 52. Rd5+
Ke3 53. b6 Kxf3 54. Rb5 Kxe4 55. b7 Kd3 56. b8=Q Rb1+ 57. Kc5 Rf1 58. Rb3+ Ke4
59. Qe8+ Kf4 60. h3 h5 61. Qe3# 1-0

[Event "OGD Prinsenstad-toernooi - B groep"]
[Site "Delft"]
[Date "2015.04.05"]
[Round "6.9"]
[White "Boes, Robert"]
[Black "Van Breda, Tim"]
[Result "0-1"]
[WhiteElo "1924"]
[BlackElo "1791"]
[PlyCount "40"]
[EventDate "2015.04.03"]
[EventType "swiss"]
[EventRounds "6"]
[EventCountry "NED"]
[Source "DSC"]
[SourceDate "2015.07.04"]

1. e4 e6 2. d4 d5 3. Nd2 Nf6 4. Bd3 c5 5. c3 Nc6 6. Ngf3 Qb6 7. dxc5 Bxc5 8.
O-O O-O 9. exd5 exd5 10. Nb3 Bd6 11. Re1 Bg4 12. h3 Bh5 13. Be2 Rfe8 14. Be3
Rxe3 15. fxe3 Qxe3+ 16. Kh1 Ne4 17. Qxd5 Nf2+ 18. Kg1 Nxh3+ 19. Kh1 Qg1+ 20.
Rxg1 Nf2# 0-1

[Event "OGD Prinsenstad-toernooi - C groep"]
[Site "Delft"]
[Date "2015.04.04"]
[Round "2.3"]
[White "Dubbeldam, Lydia"]
[Black "Verfuerth, Kevin"]
[Result "0-1"]
[WhiteElo "1678"]
[BlackElo "1786"]
[PlyCount "44"]
[EventDate "2015.04.03"]
[EventType "swiss"]
[EventRounds "6"]
[EventCountry "NED"]
[Source "DSC"]
[SourceDate "2015.07.04"]

1. e4 c5 2. Nf3 d6 3. d4 cxd4 4. Nxd4 Nf6 5. Nc3 g6 6. Be3 Bg7 7. f3 O-O 8. Qd2
Nc6 9. O-O-O d5 10. Nxc6 bxc6 11. exd5 cxd5 12. Nxd5 Nxd5 13. Qxd5 Qc7 14. Qc5
Qb7 15. b3 Bf5 16. Bc4 Rfc8 17. Qa3 a5 18. Bc5 Qc7 19. Bd4 Qf4+ 20. Kb1 Bxd4
21. Qxe7 Rxc4 22. bxc4 Rb8+ 0-1

[Event "OGD Prinsenstad-toernooi - C groep"]
[Site "Delft"]
[Date "2015.04.04"]
[Round "2.16"]
[White "Hilwerda, Jonas"]
[Black "Kouwenhoven, Derk"]
[Result "0-1"]
[WhiteElo "1761"]
[BlackElo "1826"]
[Annotator "Prinsenstad-toernooi"]
[PlyCount "70"]
[EventDate "2015.04.03"]
[EventType "swiss"]
[EventRounds "6"]
[EventCountry "NED"]
[Source "DSC"]
[SourceDate "2015.07.04"]

1. e4 e5 2. Nf3 Nc6 3. Nc3 Nf6 4. a3 d5 5. Bb5 d4 6. Ne2 Bd6 7. d3 O-O 8. Bxc6
bxc6 9. h3 Ba6 10. g4 c5 11. b3 Qe7 12. Ng3 Rfb8 13. Nf5 Qe8 14. g5 Nd7 15. h4
Rb6 16. Nh2 Rab8 17. Bd2 Qf8 18. Ng4 c4 19. Nxd6 (19. bxc4 Bxa3 {
Lijkt beter voor wit. Maar waarom niet eerst die loper ruilen?}) 19... cxb3 {
Zwart slaat niet terug! Heel praktisch gekozen.} 20. Nf5 b2 21. Rb1 Qxa3 22. h5
c5 23. g6 c4 24. gxf7+ ({De dame erbij halen maakt de witte aanval sterk.} 24.
Qf3 fxg6 25. hxg6 Rxg6 26. Qh3 Nf8 27. Nxe5 Re6 28. Qg3 Rb7 29. Nh6+ Rxh6 30.
Bxh6 {maar het is nog steeds spannend.}) 24... Kh8 (24... Kxf7 {
doet de onbevreesde engine. Een mens niet!}) 25. Ngh6 ({Nu kon wit verrassend
winnen door zijn mooie paard van f5 terug te zetten!! Op veld g6 kan het de
genadeklap uitdelen. Niet eenvoudig te vinden.} 25. Nh4 $1 cxd3 26. Ng6+ hxg6 (
26... Rxg6 27. hxg6 $18) 27. hxg6#) 25... cxd3 26. Qg4 Qf8 $1 {
De zwarte dame schiet te hulp en matzetten is nu niet eenvoudig.} 27. cxd3 Bxd3
28. Nxg7 Bxb1 29. Ne8 Nf6 30. Nxf6 Bd3 31. Qd1 b1=Q {
Zwart's moed om het stuk niet terug te pakken is beloond.} 32. Rg1 Qxd1+ 33.
Kxd1 Rb1+ 34. Bc1 Rxc1+ 35. Kxc1 Qxh6+ 0-1

[Event "OGD Prinsenstad-toernooi - C groep"]
[Site "Delft"]
[Date "2015.04.04"]
[Round "3.3"]
[White "Schelleman, Iris"]
[Black "Ten Brinke, Jan"]
[Result "1-0"]
[WhiteElo "1704"]
[BlackElo "1719"]
[PlyCount "43"]
[EventDate "2015.04.03"]
[EventType "swiss"]
[EventRounds "6"]
[EventCountry "NED"]
[Source "DSC"]
[SourceDate "2015.07.04"]

1. e4 e6 2. d4 d5 3. Nd2 Nf6 4. e5 Nfd7 5. Bd3 c5 6. c3 Nc6 7. Ne2 cxd4 8. cxd4
f6 9. Nf4 Nxd4 10. Qh5+ Ke7 11. Ng6+ hxg6 12. exf6+ Nxf6 13. Qxh8 Kf7 14. O-O
e5 15. Nb3 Nxb3 16. axb3 Qb6 17. Bxg6+ Kxg6 18. Qxf8 a6 19. b4 Rb8 20. Ra3 Qc7
21. Rc3 Qd7 22. f4 1-0

[Event "OGD Prinsenstad-toernooi - C groep"]
[Site "Delft"]
[Date "2015.04.04"]
[Round "4.5"]
[White "Mestrom, Ton"]
[Black "Schelleman, Iris"]
[Result "1/2-1/2"]
[WhiteElo "1714"]
[BlackElo "1704"]
[PlyCount "31"]
[EventDate "2015.04.03"]
[EventType "swiss"]
[EventRounds "6"]
[EventCountry "NED"]
[Source "DSC"]
[SourceDate "2015.07.04"]

1. c4 e5 2. e3 c6 3. Nf3 Qc7 4. Qc2 Nf6 5. Nc3 d5 6. b3 Bd6 7. Bb2 O-O 8. d3
Bg4 9. Be2 Nbd7 10. h3 Bh5 11. g4 Bg6 12. Nh4 d4 13. Nd1 Bb4+ 14. Kf1 c5 15. e4
Qc6 16. Nf5 1/2-1/2

[Event "OGD Prinsenstad-toernooi - C groep"]
[Site "Delft"]
[Date "2015.04.04"]
[Round "4.11"]
[White "Nobel, Corniel"]
[Black "Bryus, Piet"]
[Result "1-0"]
[WhiteElo "1679"]
[BlackElo "1729"]
[Annotator "Prinsenstad-toernooi"]
[PlyCount "95"]
[EventDate "2015.04.03"]
[EventType "swiss"]
[EventRounds "6"]
[EventCountry "NED"]
[Source "DSC"]
[SourceDate "2015.07.04"]

1. e4 c5 2. Nf3 e6 3. d4 cxd4 4. Nxd4 Nc6 5. Nc3 Qc7 6. Ndb5 Qb8 7. g3 (7. Be3
a6 8. Bb6 axb5 9. Nxb5 Bb4+ 10. c3 Ba5 11. Nc7+ Qxc7 12. Bxc7 Bxc7) 7... a6 8.
Na3 (8. Nd4) 8... b5 9. Ne2 Nf6 10. Bg2 Bb7 11. Bf4 e5 (11... Ne5 12. f3) 12.
Be3 Be7 13. c3 O-O 14. Nc2 Na5 15. f3 Nc4 16. Bc1 Rd8 (16... d5 17. exd5 Nxd5 (
17... Bxd5 18. b3 Rd8 19. O-O)) 17. b3 Na5 (17... Nb6 18. Be3) (17... d5 18.
bxc4 dxe4 19. Bd2 exf3 20. Bxf3 Bxf3 21. Rf1) 18. O-O d5 19. exd5 Bxd5 20. Qe1
Qc7 21. Bd2 Nb7 22. Ne3 Qb6 (22... Be6) 23. Kh1 Be6 24. Nc1 Rd7 25. c4 b4 (
25... Rad8 26. Bc3 Bc5 27. Nd5) (25... bxc4 26. Nxc4 Bxc4 27. bxc4) 26. Nc2 a5
27. Be3 Qc7 28. Ne2 Bf5 29. Rc1 Rd3 30. f4 Be4 31. Bxe4 Nxe4 32. fxe5 Qxe5 33.
Nf4 Rd7 34. Bd4 Rxd4 35. Nxd4 Qxd4 36. Rd1 Qe5 37. Rd5 Nxg3+ 38. hxg3 Qc7 39.
Qe4 Bf6 40. Nh5 Bc3 41. Qg4 g6 42. Nf6+ Kg7 43. Rd7 Qc6+ 44. Nd5 Nd6 45. Rc7
Qa6 46. Qd7 Rf8 47. Rc6 Qa8 48. Rxd6 1-0

[Event "OGD Prinsenstad-toernooi - C groep"]
[Site "Delft"]
[Date "2015.04.05"]
[Round "5.3"]
[White "Schelleman, Iris"]
[Black "Van Baar, Esper"]
[Result "1-0"]
[WhiteElo "1704"]
[BlackElo "1749"]
[PlyCount "81"]
[EventDate "2015.04.03"]
[EventType "swiss"]
[EventRounds "6"]
[EventCountry "NED"]
[Source "DSC"]
[SourceDate "2015.07.04"]

1. e4 c5 2. Nf3 d6 3. d4 cxd4 4. Nxd4 Nf6 5. Nc3 a6 6. Bc4 e6 7. Bb3 Be7 8. Be3
b5 9. f3 O-O 10. Qd2 Qc7 11. O-O-O Rd8 12. g4 Nc6 13. h4 Na5 14. h5 Nxb3+ 15.
Nxb3 d5 16. Qf2 dxe4 17. Rxd8+ Bxd8 18. Nxe4 Nxe4 19. fxe4 Qc4 20. h6 Qxe4 21.
Rf1 Qg6 22. Qf3 Rb8 23. Qc6 Bd7 24. Qxd7 Bf6 25. hxg7 Qxg7 26. Bd4 e5 27. Ba7
Rd8 28. Qc6 Bg5+ 29. Kb1 f6 30. Bc5 Bh4 31. Qe6+ Kh8 32. Be3 Rg8 33. Rg1 h5 34.
gxh5 Qxg1+ 35. Bxg1 Rxg1+ 36. Nc1 Bg5 37. Qe8+ Kh7 38. Qf7+ Kh8 39. a3 Rxc1+
40. Ka2 Rxc2 41. Qe8+ 1-0